000 00371nam a2200133Ia 4500
008 220217s9999||||xx |||||||||||||| ||und||
020 _a0-13-349002-5
082 _a005.3 GAR
100 _aGarmus, David Herron, David
_92901
245 0 _aMeasuring the software process
260 _aPrentice hall
_bNew Jersey
_c1996
300 _b850
650 _aSOFTWARE TESTING
999 _c170226
_d170226